Fundamentals of embedded software : (Record no. 62296)

MARC details
000 -LEADER
fixed length control field 00589nam a22001577a 4500
005 - DATE AND TIME OF LATEST TRANSACTION
control field 20120208145131.0
020 ## - INTERNATIONAL STANDARD BOOK NUMBER
International Standard Book Number 8120323750
Terms of availability 235.00
035 ## - SYSTEM CONTROL NUMBER
System control number B-106239
037 ## - SOURCE OF ACQUISITION
Stock number DPL
Source of stock number/acquisition ENG
100 ## - MAIN ENTRY--PERSONAL NAME
Personal name Lewis, Daniel W.
245 ## - TITLE STATEMENT
Title Fundamentals of embedded software :
Remainder of title Where C and assembly meet /
Statement of responsibility, etc by Daniel W. Lewis
260 ## - PUBLICATION, DISTRIBUTION, ETC. (IMPRINT)
Place of publication, distribution, etc New Delhi
Name of publisher, distributor, etc Prentice-Hall of India
Date of publication, distribution, etc 2004
300 ## - PHYSICAL DESCRIPTION
Extent xiii, 266p.
Dimensions 22 cms.
942 ## - ADDED ENTRY ELEMENTS (KOHA)
Source of classification or shelving scheme Dewey Decimal Classification
Item type English Books
Classification part 005.3
Call number suffix LEW
Holdings
Withdrawn status Lost status Not for loan Collection code Home library Current library Date acquired Cost, normal purchase price Full call number Barcode Cost, replacement price Koha item type
      Non-fiction Sarojini Nagar Sarojini Nagar 08/02/2012 235.00 005.3 LEW B-106239 235.00 English Books

© Delhi Public Library
Hit Counter
free hit counter